Foals Songs - Statistics

General Stats
  • This quiz has been taken 159 times
  • The average score is 36 of 63
Answer Stats
Answer % Correct
What Went Down 1 What Went Down
94%
3 My Number
90%
2 Mountain at My Gates
88%
2 The Runner
84%
3 Total Life Forever
81%
3 Birch Tree
79%
5 Spanish Sahara
79%
2 Exits
78%
4 Black Bull
73%
4 Black Gold
72%
2 Cassius
72%
4 In Degrees
70%
6 Late Night
70%
2 Inhaler
69%
8 London Thunder
69%
6 Snake Oil
69%
10 Neptune
68%
9 Sunday
68%
3 White Onions
68%
5 Syrups
67%
8 Two Steps, Twice
67%
Antidotes 1 The French Open
65%
7 Cafe d'Athens
64%
5 Like Lightning
64%
8 Milk and Black Spiders
64%
4 Olympic Airways
64%
3 Red Socks Pugie
63%
3 Wash Off
63%
6 Balloons
62%
5 Albatross
60%
2 Miami
60%
9 Into the Surf
59%
Total Life Forever 1 Blue Blood
58%
6 Dreaming Of
58%
4 Give it All
58%
11 Moon
56%
7 Night Swimmers
56%
6 On the Luna
56%
8 Surf Pt.1
54%
9 Lonely Hunter
53%
10 A Knife in the Ocean
51%
7 Out of the Woods
51%
9 Providence
51%
11 Tron
49%
5 Everytime
46%
10 I'm Done with the World
43%
10 Like Swimming
43%
10 Stepson
42%
Everything Not Saved Will Be Lost Part 2 1 Red Desert
41%
8 10,000 Ft.
40%
9 Big Big Love
40%
4 Bad Habit
38%
7 Ikaria
38%
Everything Not Saved Will Be Lost Part 1 1 Moonlight
33%
Holy Fire 1 Prelude
33%
6 This Orient
32%
9 Alabaster
28%
7 Heavy Water
28%
5 Electric Bloom
26%
10 2 Trees
23%
7 Fugue
23%
11 What Remains
22%
8 After Glow
21%
No matching quizzes found
Score Distribution
Percent of People with Each Score
Percentile by Number Answered
Your Score History
You have not taken this quiz